Derry Girls Characters Quiz - Statistics

General Stats
  • This quiz has been taken 370 times
  • The average score is 16 of 49
Answer Stats
Number of appearences Answer % Correct
12 Erin Quinn
98%
12 James Maguire
97%
12 Michelle Mallon
97%
12 Orla McCool
97%
12 Clare Devlin
93%
11 Sister Michael
84%
12 Joe McCool
82%
12 Mary Quinn
81%
8 Jenny Joyce
80%
12 Jerry Quinn
77%
12 Sarah McCool
77%
4 Colm
57%
2 Father Peter/Peter
49%
3 Dennis
31%
6 Aisling
30%
5 Deirdre Mallon/Aunt Deirdre
28%
1 Mae Cheung/Mae
27%
2 David Donnelly/David
26%
1 Jon
26%
3 Geraldine Devlin
25%
4 Anna Quinn
24%
1 Eammon
22%
2 Jim
22%
1 Katya
21%
2 Ciaran
20%
1 Dee
18%
1 Sean Devlin/Sean
18%
2 Tina
17%
1 Harry
14%
1 Fionnula
13%
1 Emmett
12%
1 Maeve
12%
1 Ms Debrun
12%
1 Kathy Maguire
11%
1 Philip
11%
1 Sister Declan
11%
1 Aunt Bridie/Bridie
10%
1 John Paul
10%
2 Maureen Malarkey
10%
1 Charlene Kavanagh/Charlene
9%
1 Jonjo/Gypsy
7%
1 Kris
7%
1 Rita
7%
1 Artem
6%
5 Ms. Mooney
5%
1 Father Conway
4%
4 Donna Traynor/News Reporter
1%
1 Sister Janet
0%
1 Waitress
0%
No matching quizzes found
Score Distribution
Percent of People with Each Score
Percentile by Number Answered
Your Score History
You have not taken this quiz